Fr. Conceicao Rodrigues College of Engineering

GATE Mechanical/Aerospace (Record no. 36246)

MARC details
000 -LEADER
fixed length control field 00246nam a22001097a 4500
003 - CONTROL NUMBER IDENTIFIER
control field OSt
005 - DATE AND TIME OF LATEST TRANSACTION
control field 20250908142511.0
008 - FIXED-LENGTH DATA ELEMENTS--GENERAL INFORMATION
fixed length control field 250908b |||||||| |||| 00| 0 eng d
040 ## - CATALOGING SOURCE
Transcribing agency
245 ## - TITLE STATEMENT
Title GATE Mechanical/Aerospace
Statement of responsibility, etc. GATE
942 ## - ADDED ENTRY ELEMENTS (KOHA)
Source of classification or shelving scheme Dewey Decimal Classification
Koha item type BOOK
Suppress in OPAC No

No items available.